000 00495nam a2200181Ia 4500
001 4040
005 20260306145726.0
008 260306t2007||||xx |||||||||||||| ||spa||
041 _aESP
082 _a306.85
_bC265
100 _aConsejo Pontificio para la Familia
_eAUT
245 0 _aLexicón:
_btérminos ambiguos y discutidos sobre familia, vida y cuestiones éticas
260 _c2007
300 _a1179 páginas :
_c24 cm.
650 _aGEN
654 _aCED
942 _cLIB
_dJUS
_fJUS
_2ddc
_n
999 _c4040
_d4040